000 005670000a22001810004500
003 MACL
005 20160224161116.0
008 160224b xxu||||| |||| 00| 0 eng d
040 _aMACL
_cMACL
041 _aHindi
082 _a800
100 _aमहात्‍मा टाल्‍सटॉय
_940124
245 _aधर्म और सदाचार
260 _bसस्‍ता साहित्‍य मंडल प्रकाशन
_c1954
_aदिल्‍ली
350 _a1.25
650 _aLiteracture
_939932
942 _cHIN
_k800
_2ddc
999 _c23322
_d23322